[Mlieko]
Z obsahu: Príčinu prebytkov mlieka sa odstrániť zatiaľ nepodarilo. Pritlačiť na dodávateľov mlieka sa spracovateľom nevypláca. Treťou vlnou privatizácie sa konsolidácia mliekarní neskončila. V EÚ problém prebytkov mlieka nevymizne. Rajo má už tretieho pána, ale vlastnú značku ďalej rozvíja.
Enregistré dans:
| Auteur principal: | |
|---|---|
| Autres auteurs: | |
| Format: | Chapitre de livre |
| Langue: | slovaque |
| Sujets: | |
| Tags: |
Pas de tags, Soyez le premier à ajouter un tag!
|
MARC
| LEADER | 00000naa a2200000 4500 | ||
|---|---|---|---|
| 001 | r049475 | ||
| 005 | 20230921115106.2 | ||
| 041 | 0 | |a slo | |
| 044 | |a SK | ||
| 245 | 1 | 0 | |a [Mlieko] |c Jana Janků, Milan Hošek |
| 520 | |a Z obsahu: Príčinu prebytkov mlieka sa odstrániť zatiaľ nepodarilo. Pritlačiť na dodávateľov mlieka sa spracovateľom nevypláca. Treťou vlnou privatizácie sa konsolidácia mliekarní neskončila. V EÚ problém prebytkov mlieka nevymizne. Rajo má už tretieho pána, ale vlastnú značku ďalej rozvíja. | ||
| 610 | 2 | 0 | |a mlieko |
| 610 | 2 | 0 | |a dodávatelia |
| 610 | 2 | 0 | |a výrobcovia |
| 610 | 2 | 0 | |a privatizácia |
| 610 | 2 | 0 | |a konsolidácia |
| 610 | 2 | 0 | |a kvóty |
| 610 | 2 | 0 | |a Európska únia |
| 610 | 2 | 0 | |a Rajo, a.s. Bratislava |
| 100 | 1 | |a Janků, Jana | |
| 700 | 1 | |a Hošek, Milan | |